000 00455nam a2200205Ia 4500
005 20250425162137.0
008 250425s9999 xx 000 0 und d
020 _a9978864776
041 _aspa
082 _a341.02636
245 0 _aLEY ORGANICA DE ADUANAS
250 _a1A ED.
260 _aEcuador
_bS.E.
_c2004
260 _aS.L.
300 _a402
650 _aADUANAS-ECUADOR
650 _aLEYES-ECUADOR
942 _c01
010 _a52782
999 _c223181
_d223181